01961nam a2200205 a 4500008004100000020001500041041000800056092001700064100002300081245003800104250003400142260004000176300001100216500008000227505120100307655001701508942001201525999001501537952020301552120515t1990 sp |||g |||| 001 0 spa d a950070580X aspa c808l75sROT1 aRoth, Joseph93521 3aLa marcha Radetzky /cJoseph Roth a1a ed.bTrad. Arturo Quintana aBuenos Aires:bSudamericana;c1990. a348 p. aRoth, J. (1990). La marcha Radetzky. (1a ed.). Buenos Aires : Sudamericana. aJoseph Roth nació en la provincia austriaca de Galitzia en 1894 y murió en París en 1939, ciudad ésta adonde se exilió en 1933, cuando Hitler subió al pode. Entre sus obras están: Perlefter, Das falsche Gewicht y, sobre todo, Job, inspirada en un tema bíblico. En esta gran novela, que se ha convertido ya en un clásico de la literatura universal, La Marcha Radetzky, Joseph Roth presenta, a través del ejemplo de la familia Trotta -ligada al emperador Francisco José de manera casi legendaria- la caída de una familia, el fin de un orden de siglos y la disolución de una encantadora y brillante sociedad europea. La novela narra la historia de tres generaciones; el fundador de la dinastía salva la vida al joven emperador Francisco José en la batalla de Solferino y consigue así un título nobiliario; su hijo se convierte en jefe de distrito y es un fiel servidor y funcionario del emperador; al nieto se le hace pesada la carga de su nombre, y se encuentra incómodo en el ejercito. Muere en 1848, en los primeros días de la guerra y, cuando por fin muere también el anciano emperador Francisco José, el destino de la familia Trotta está ya sellado.  aNovela93091 2ddccBK c2678d2678 00102ddc4070aBFMbBFMcCRd2018-03-06eDonación Dr. Julio Arce, Marzo 2018.l0o808 75 ROTp4186r2018-03-06tEj. 1w2018-03-06yLITzProyecto 4to libro. Donación Dr. Julio Arce, Marzo 2018.